| 000 | 01260nac a22003131i 4500 | ||
|---|---|---|---|
| 003 | EG-ScBUE | ||
| 005 | 20240423100538.0 | ||
| 008 | 240423t2000 enka f b 001 0 eng d | ||
| 020 | _a1860646298 (pbk.) | ||
| 020 | _a9781860646294 | ||
| 040 |
_aEG-ScBUE _beng _erda _cEG-ScBUE _dEG-ScBUE |
||
| 082 | 0 | 4 |
_a955.052092 _bGHA _222 |
| 100 | 1 |
_aGhani, Cyrus, _eauthor. |
|
| 245 | 1 | 0 |
_aIran and the rise of Reza Shah : _bfrom Qajar collapse to Pahlavi rule / _cCyrus Ghani. |
| 264 | 1 |
_aLondon ; _aNew York : _bI.B. Tauris Publishers, _c[2000] |
|
| 264 | 4 | _cc2000 | |
| 300 |
_a434 pages : _billustrations ; _c24 cm |
||
| 336 |
_2rdacontent _atext _btxt |
||
| 337 |
_aunmediated _2rdamedia _bn |
||
| 338 |
_avolume _bnc _2rdacarrier |
||
| 504 | _aIncludes bibliographical references and index. | ||
| 600 | 0 | 7 |
_aReza Shah Pahlavi, _d1878-1944. _2BUEsh |
| 651 | 7 |
_aIran _xPolitics and government _y1911-1925. _2BUEsh |
|
| 655 | _vReading book | ||
| 856 | 4 | 2 |
_3Contributor biographical information _uhttp://www.loc.gov/catdir/bios/hol058/2001268172.html |
| 856 | 4 | 2 |
_3Publisher description _uhttp://www.loc.gov/catdir/description/hol052/2001268172.html |
| 856 | 4 | 2 |
_3Table of contents _uhttp://www.loc.gov/catdir/toc/hol051/2001268172.html |
| 942 |
_cBB _2ddc |
||
| 999 |
_c6142 _d6142 |
||